Великий терор.Сталінські чистки тридцятих років (Запис № 17466)
[ простий вигляд ]
| 000 -Маркер запису | |
|---|---|
| Контрольне поле сталої довжини | 02113nam a22002537a 4500 |
| 003 - Належність контрольного номера | |
| Контрольне поле | Uzh_bibl |
| 008 - Кодовані дані | |
| Контрольне поле сталої довжини | 250423b |||||||| |||| 00| 0 ukr d |
| 020 ## - Індекс ISBN | |
| ISBN | 978-966-2276-00-8 |
| Ціна | 35.00 |
| 040 ## - Джерело каталогіз. | |
| Код мови каталог. | укр. |
| 041 ## - Код мови видання | |
| Код мови оригіналу | англійська |
| Код мови тексту | українська |
| 080 ## - Індекс УДК | |
| Індекс УДК | 94(477) |
| 090 ## - Шифри | |
| Поличний індекс | 94(477) |
| Авторський знак | К-64 |
| 100 ## - Автор | |
| Автор | Конквест, Роберт |
| 245 ## - Назва | |
| Назва | Великий терор.Сталінські чистки тридцятих років |
| Відповідальність | пер. з англ. Н. Волошинович, З. Кораблінова |
| Фізичний носій | Текст |
| 260 ## - Вихідні дані | |
| Місце видання | Луцьк |
| Видавництво | ВМА "Терен" |
| Дата видання | 2009 |
| 300 ## - Фізичний опис | |
| Обсяг | 456 с. |
| Тип одиниці | В опр. |
| 520 ## - Анотація | |
| Анотація | Книга Роберта Конквеста «Великий терор» – одне з наймасштабніших досліджень сталінської тиранії 30-х років ХХ століття. Видатний американський науковець-совєтолог проаналізував методи й засоби масових розправ із неугодними в СРСР, зокрема, й в Україні, репресії та переслідування в середовищі комуністичної партії та самих каральних органів імперії. У книзі «Великий терор» йдеться про створення небаченого досі механізму для організації терору держави проти власних громадян, арештів, катувань у тюрмах, знущань у концлагерях Сибіру. Бестселлер Роберта Конквеста витримав десятки перевидань у світі, він вперше перекладений українською мовою. |
| 521 ## - Примітка про цільове призначення | |
| Примітка про цільове призначення | Для загалу читачів. |
| 546 ## - Примітка про мову | |
| Примітка про мову | укр. |
| 650 ## - Тематичні рубрики | |
| Основна рубрика | Науково-популярне видання |
| 653 ## - Ключові слова | |
| Ключові слова | Репресії |
| -- | Жіноча доля |
| -- | Колима |
| 655 ## - Термін індексування — жанр/форма | |
| Жанр/форма | Історична література |
| 942 ## - ADDED ENTRY ELEMENTS (KOHA) | |
| Джерело класифікації чи схема поличного розташування | |
| Koha item type | Книги |
| Статус вилучення | Статус втрати/відсутності | Джерело класифікації чи схема поличного розташування | Статус пошкодження | Тип обігу (не для випозичання) | Постійне розташування | Поточне розташування | Розташування у відділі | Дата надходження | Інвентарний номер | Total Checkouts | Повний (примірниковий) шифр зберігання | Штрих-код | Date last seen | Дата, для якої чинна ціна заміни | Тип одиниці (рівень примірника) |
|---|---|---|---|---|---|---|---|---|---|---|---|---|---|---|---|
| Публічна бібліотека | Публічна бібліотека | Абонемент | 22/04/2026 | 63409 | 94(477) | 19332 | 22/04/2026 | 22/04/2026 | Книги |